00582 2200229 4500001002100000005001500021035002000036007000300056008004100059020002200100082001400122084002000136100001300156245005600169250001000225260003200235300002300267650002000290700001800310990001200328990001200340INLIS00000000000170420180312093119 a0010-0318000047ta180312 g 1 ind  a978-602-98545-8-9 a899.221 3 a899.221 3 ACH k0 aACHI, TM1 aKekasih Cahaya /cAchi TM; penyunting, Arif Anggoro acet.1 aJakarta :bSalsabila,c2013 a493 hlm. ;c21 cm. aFIKSI INDONESIA0 aARIF, Anggoro a16432 a a16432 b